Fulfillment in marriage. (Record no. 14639)

000 -LEADER
fixed length control field 00542nam a2200181 a 4500
001 - CONTROL NUMBER
control field :::00012471$&:&@@
003 - CONTROL NUMBER IDENTIFIER
control field OkBaRHE
005 - DATE AND TIME OF LATEST TRANSACTION
control field 20000607103419.0
008 - FIXED-LENGTH DATA ELEMENTS--GENERAL INFORMATION
fixed length control field s1966 j 000 0 eng u
040 ## - CATALOGING SOURCE
Transcribing agency
100 1# - MAIN ENTRY--PERSONAL NAME
Personal name Henry, Joseph Bennet.
245 10 - TITLE STATEMENT
Title Fulfillment in marriage.
260 ## - PUBLICATION, DISTRIBUTION, ETC. (IMPRINT)
Place of publication, distribution, etc Westwood, NJ., :
Name of publisher, distributor, etc Fleming H. Revell Co.
Date of publication, distribution, etc c1966
300 ## - PHYSICAL DESCRIPTION
Extent 160 p. : illus. ;
Dimensions 21 cm.
650 ## - SUBJECT ADDED ENTRY--TOPICAL TERM
Topical term or geographic name as entry element Marriage
942 ## - ADDED ENTRY ELEMENTS (KOHA)
Source of classification or shelving scheme
Koha item type Books
Copies
Price effective from Source of classification or shelving scheme Withdrawn status Koha item type Damaged status Full call number Not for loan Permanent Location Date acquired Copy number Barcode Shelving location Date last seen Lost status
2010-04-14  Books HQ 734 .H53 RHEMA Bible Training College2010-04-14112471General Stacks2010-04-14